Modelling nitrogen from farm wastes: Models and systems for studying the transformation and fate of nitrogen from animal effluents applied to soil. (Record no. 35403)

MARC details
000 -LEADER
fixed length control field 00425nam a2200121Ia 4500
082 ## - DEWEY DECIMAL CLASSIFICATION NUMBER
Classification number 631.416.1
Item number GAS
100 ## - MAIN ENTRY--AUTHOR NAME
Personal name GASSER, J K R
245 #0 - TITLE STATEMENT
Title Modelling nitrogen from farm wastes: Models and systems for studying the transformation and fate of nitrogen from animal effluents applied to soil.
260 ## - PUBLICATION, DISTRIBUTION, ETC. (IMPRINT)
Place of publication London
Name of publisher Applied
Year of publication 1979
650 ## - SUBJECT ADDED ENTRY--TOPICAL TERM
Topical Term Nitrogen modelling
942 ## - ADDED ENTRY ELEMENTS (KOHA)
Koha item type Books
Holdings
Withdrawn status Lost status Damaged status Not for loan Home library Current library Date acquired Full call number Accession Number Koha item type
        RRII Library RRII Library 16/12/2021 631.416.1 GAS 15828 Books